Influence of Licence Fees on the Value of Transfered Intellectual Property

Hodnotenie duševného vlastníctva s využitím licenčných poplatkov. Zmeny hodnoty duševného vlastníctva v závislosti od výšky licenčných poplatkov. Určenie výšky licenčného poplatku na modelovom príklade. Vplyv typu subjektu na výšku poplatku.

Na minha lista:
Detalhes bibliográficos
Autor principal: Uhliar, Miroslav, 1981-
Outros Autores: Havier, Jan, 1989-
Formato: Capítulo de Livro
Idioma:eslovaco
Assuntos:
Tags: Adicionar Tag
Sem tags, seja o primeiro a adicionar uma tag!

MARC

LEADER 00000naa$a2200000$$$4500
001 0254531
005 20240502074053.3
041 0 |a slo 
044 |a SK 
245 1 0 |a Influence of Licence Fees on the Value of Transfered Intellectual Property  |c Miroslav Uhliar, Jan Havier 
520 |a Hodnotenie duševného vlastníctva s využitím licenčných poplatkov. Zmeny hodnoty duševného vlastníctva v závislosti od výšky licenčných poplatkov. Určenie výšky licenčného poplatku na modelovom príklade. Vplyv typu subjektu na výšku poplatku. 
610 2 0 |a vlastníctvo duševné 
610 2 0 |a licencie 
610 2 0 |a poplatky 
610 2 0 |a štatistika 
610 2 0 |a prieskum 
100 1 |a Uhliar, Miroslav, 1981- 
700 1 |a Havier, Jan, 1989-